000 00539nam a2200145Ia 4500
008 220216s9999 xx 000 0 und d
100 _aAntony P
245 0 _aThermoplastic elastomer from ionomeric polyblends of zinc salts of carboxylated nitrile rubber and poly9ethylene-co-acrylic acid)
260 _bProceedings of the International Conference on Rubbers Calcutta, December 12-14, 1997. V1. p86-89
650 _aNitrile rubber
650 _aThermoplastic elastomers
700 _aBandyopadhyay S
700 _aDe S K
942 _cJS
999 _c71267
_d71267